[Event "World Blitz Women 2016"]
[Site "Doha QAT"]
[Date "2016.12.30"]
[Round "12.17"]
[White "Sviridova, Vlada"]
[Black "Hallaeva, Bahar"]
[Result "0-1"]
[WhiteTitle "WFM"]
[BlackTitle "WFM"]
[WhiteElo "2144"]
[BlackElo "2112"]
[WhiteFideId "24109606"]
[BlackFideId "14000679"]
[EventDate "2016.12.29"]

1. d4 Nf6 2. c4 e6 3. Nc3 Bb4 4. g3 O-O 5. Bg2 d5 6. a3 Bxc3+ 7. bxc3 c6 8. c5
Nbd7 9. Nf3 e5 10. dxe5 Ng4 11. Bf4 Qa5 12. Qc2 Qxc5 13. O-O Re8 14. e6 fxe6 15.
h3 Ngf6 16. Be3 Qe7 17. c4 e5 18. cxd5 cxd5 19. Nd2 b6 20. Nb3 Bb7 21. Bg5 Rac8
22. Qa2 Qf7 23. Rac1 Nc5 24. Nd2 Rcd8 25. Rfd1 h6 26. Bxf6 Qxf6 27. Qb2 Ba6 28.
Re1 e4 29. Qb4 Qe7 30. Qd4 Ne6 31. Qa4 Qb7 32. Qb3 Nc5 33. Qb4 Qe7 34. Nb3 Nxb3
35. Qxb3 Bc4 36. Qc3 Qe5 37. Qb4 Qd6 38. Qc3 Rc8 39. Qb2 Qe5 40. Qb4 Qe7 41. Qb2
Rc5 42. e3 Ra5 43. Ra1 Rc8 44. Rec1 Ba6 45. Rxc8+ Bxc8 46. Qb3 Qc5 47. Qb2 Qe7
48. Qb3 Ba6 49. Qb2 Bc4 50. a4 b5 51. axb5 Rxb5 52. Qd4 Rb7 53. Kh2 a6 54. h4
Kh8 55. Rc1 Rc7 56. Qb6 Rb7 57. Qd4 Rc7 58. Qb6 Qf7 59. Qb8+ Kh7 60. Kg1 Rb7 61.
Qe5 Re7 62. Qd4 Qf6 63. Qd2 Qe5 64. Qa5 Rf7 65. Rxc4 Qb2 66. Bxe4+ dxe4 67. Qe1
Qb7 68. Qc1 Qd5 69. Qc2 Qf5 70. Qxe4 Qxe4 71. Rxe4 Ra7 72. Ra4 a5 73. e4 Kg6 74.
f4 Kf6 75. Kf2 Ke6 76. Ke3 Kd6 77. Kd4 Ke6 78. g4 Kd6 79. e5+ Kc6 80. Kc4 Ra8
81. f5 Ra7 82. g5 hxg5 83. hxg5 Rf7 84. f6 gxf6 85. exf6 Ra7 86. Kd4 Kd6 87. Ke4
Ke6 88. Kf4 Ra8 89. Kg4 Ra7 90. Re4+ Kf7 91. Kf5 a4 92. g6+ Kf8 93. Rb4 Ra5+ 94.
Kg4 Ra8 95. Kg5 a3 96. Rh4 Kg8 97. f7+ Kg7 98. Rh7+ Kf8 99. Rh8+ Ke7 100. Rxa8 0-1

[Event "World Blitz Women 2016"]
[Site "Doha QAT"]
[Date "2016.12.30"]
[Round "13.1"]
[White "Lagno, Kateryna"]
[Black "Tan, Zhongyi"]
[Result "1/2-1/2"]
[WhiteTitle "GM"]
[BlackTitle "WGM"]
[WhiteElo "2530"]
[BlackElo "2496"]
[WhiteFideId "14109336"]
[BlackFideId "8603642"]
[EventDate "2016.12.29"]

1. e4 c5 2. Nf3 Nc6 3. d4 cxd4 4. Nxd4 g6 5. c4 Nf6 6. Nc3 Nxd4 7. Qxd4 d6 8.
Bg5 Bg7 9. Qd2 O-O 10. Bd3 a5 11. b3 a4 12. O-O axb3 13. axb3 Be6 14. Ra4 Qb6
15. Bc2 Rxa4 16. Nxa4 Qc6 17. Nc3 Ra8 18. Nd5 Bxd5 19. exd5 Qd7 20. Bd3 b5 21.
cxb5 Nxd5 22. Be4 e6 23. Bxd5 exd5 24. Qxd5 Rb8 25. Rc1 h6 26. Bf4 Rxb5 27. Qxd6
Qxd6 28. Bxd6 1/2-1/2

[Event "World Blitz Women 2016"]
[Site "Doha QAT"]
[Date "2016.12.30"]
[Round "13.2"]
[White "Gunina, Valentina"]
[Black "Ju, Wenjun"]
[Result "1-0"]
[WhiteTitle "GM"]
[BlackTitle "GM"]
[WhiteElo "2525"]
[BlackElo "2579"]
[WhiteFideId "4167570"]
[BlackFideId "8603006"]
[EventDate "2016.12.29"]

1. d4 Nf6 2. c4 e6 3. Nf3 d5 4. g3 dxc4 5. Bg2 Bd7 6. O-O Bc6 7. Nbd2 b5 8. a4
a6 9. Qc2 Be7 10. e4 O-O 11. Rd1 Bb7 12. axb5 axb5 13. Rxa8 Bxa8 14. b3 cxb3 15.
Qd3 b4 16. e5 Nd5 17. Nxb3 Nd7 18. h4 Bc6 19. Bg5 h6 20. Bxe7 Qxe7 21. Na5 Ba4
22. Rc1 c5 23. Nd2 Nc3 24. Bc6 Nb6 25. Bxa4 Nbxa4 26. Qc4 Qd7 27. Ndb3 cxd4 28.
Kf1 d3 29. Nd2 Ra8 30. Nc6 Kh8 31. Nxb4 Qb7 32. f3 Rd8 33. Rxc3 Nxc3 34. Qxc3
Qb5 35. Na2 Qb6 36. Nc1 Qe3 37. Ncb3 Qe2+ 38. Kg1 Ra8 39. Qc1 Rb8 40. Qf1 Qe3+
41. Qf2 Qxe5 42. Qd4 Qe1+ 43. Kg2 Qe2+ 44. Qf2 Qe5 45. Nc4 Qd5 46. Nbd2 Rc8 47.
Nb6 Qc6 48. Nxc8 Qxc8 49. Qe3 Qc3 50. f4 Qc6+ 51. Kf2 Qh1 52. Qxd3 Qh2+ 53. Ke1
Qg1+ 54. Nf1 Qg2 55. Qd2 Qe4+ 56. Qe3 Qg2 57. Qe2 Qd5 58. Kf2 Qd4+ 59. Ne3 Qe4
60. Qc2 Qd4 61. Qc8+ Kh7 62. Qc7 Qd2+ 63. Kf3 f5 64. Qc4 Qd6 65. Ke2 Qb6 66. Qc2
Qb7 67. Kf2 Qb6 68. Qd3 Qb2+ 69. Nc2 Qb6+ 70. Nd4 Qb2+ 71. Ne2 Qb6+ 72. Qe3 Qc6
73. Nd4 Qh1 74. Nxe6 Qh2+ 75. Ke1 Qh1+ 76. Ke2 Qg2+ 77. Kd3 Qf1+ 78. Kd4 Qa1+
79. Kd5 Qa2+ 80. Ke5 Qa5+ 81. Nc5 Kg6 82. h5+ Kxh5 83. Kxf5 g6+ 84. Ke5 Qc7+ 85.
Kd5 Qf7+ 86. Kd4 Kg4 87. Nd3 Qa7+ 88. Nc5 h5 89. Kc4 Qa2+ 90. Kd4 Qb2+ 91. Kd5
Qa2+ 92. Ke5 Qb2+ 93. Ke6 Qb6+ 94. Kf7 Qd6 95. Ne6 Qd5 96. Kxg6 Qf5+ 97. Kg7 Kh3
98. Ng5+ Kg2 99. Qe4+ Qxe4 100. Nxe4 Kf3 101. Nf6 Kxg3 102. Nxh5+ Kg4 103. Kg6 1-0

[Event "World Blitz Women 2016"]
[Site "Doha QAT"]
[Date "2016.12.30"]
[Round "13.5"]
[White "Gaponenko, Inna"]
[Black "Harika, Dronavalli"]
[Result "1/2-1/2"]
[WhiteTitle "IM"]
[BlackTitle "GM"]
[WhiteElo "2411"]
[BlackElo "2543"]
[WhiteFideId "14101181"]
[BlackFideId "5015197"]
[EventDate "2016.12.29"]

1. e4 e6 2. d4 d5 3. exd5 exd5 4. Nf3 Nc6 5. Bb5 Bd6 6. c4 dxc4 7. d5 a6 8. Ba4
b5 9. dxc6 bxa4 10. O-O Ne7 11. Qxa4 O-O 12. Nbd2 Rb8 13. a3 Be6 14. Nxc4 Bd5
15. Nd4 Bc5 16. Rd1 Qc8 17. Ne3 Be4 18. b4 Bxd4 19. Rxd4 Bxc6 20. Qc2 Ba8 21.
Bb2 Ng6 22. Rc1 a5 23. Rc4 axb4 24. axb4 Qe6 25. Qc3 f6 26. Rxc7 Nf4 27. Qc4
Qxc4 28. R1xc4 Nd3 29. Bc3 Rb7 30. h3 h6 31. Rxb7 Bxb7 32. b5 Rb8 33. b6 Ba6 34.
Rc6 Bb5 35. Rd6 Nf4 36. Ba5 Ba6 37. Rd7 Rb7 38. Rxb7 Bxb7 39. Nf5 Ne6 40. Nd6
Nd8 41. Bb4 Bc6 42. Nc8 Kf7 43. Bd6 Nb7 44. Bc7 Bd5 45. Na7 Ke6 46. Nb5 Kd7 47.
Nd4 Nc5 48. Nf5 Ne6 49. g4 Be4 50. Nd6 Bc6 51. Nf5 Be4 52. Ng3 Bc6 53. Nh5 Bf3
54. Kh2 f5 55. Kg3 fxg4 56. hxg4 Bc6 57. f4 g6 58. Nf6+ Kc8 59. Bd6 Kb7 60. Bc7
h5 61. g5 Nd4 62. Ng8 Nf5+ 63. Kh2 Bd5 64. Nf6 Bc6 65. Bd8 Kc8 66. Bc7 Kb7 67.
Nh7 Ne7 68. Nf8 Be8 69. Ne6 Nd5 70. Kg3 Bd7 71. Nc5+ Kc8 72. Nxd7 Kxd7 73. Kf3
Nxc7 74. bxc7 Kxc7 75. f5 Kd7 76. fxg6 Ke7 77. Kg3 Kf8 78. Kh4 Kg8 79. Kxh5 Kg7
80. Kg4 Kxg6 1/2-1/2

[Event "World Blitz Women 2016"]
[Site "Doha QAT"]
[Date "2016.12.30"]
[Round "13.6"]
[White "Zhao, Xue"]
[Black "Charochkina, Daria"]
[Result "0-1"]
[WhiteTitle "GM"]
[BlackTitle "IM"]
[WhiteElo "2504"]
[BlackElo "2383"]
[WhiteFideId "8601283"]
[BlackFideId "4180917"]
[EventDate "2016.12.29"]

1. c4 f5 2. Nc3 Nf6 3. d4 e6 4. Bg5 h6 5. Bxf6 Qxf6 6. e4 fxe4 7. Nxe4 Bb4+ 8.
Nc3 O-O 9. Nf3 c5 10. a3 cxd4 11. Qxd4 Qxd4 12. Nxd4 Bc5 13. Nf3 Nc6 14. Ne4 Be7
15. O-O-O d5 16. cxd5 exd5 17. Rxd5 Be6 18. Rd1 Rac8 19. Kb1 Na5 20. Bd3 b5 21.
Rhe1 Bb3 22. Rc1 Nc4 23. Ned2 Nxd2+ 24. Nxd2 Rxc1+ 25. Rxc1 Bd5 26. Be4 Be6 27.
Rc7 Bf6 28. Nf3 Bc4 29. Bg6 Rd8 30. Kc2 Kf8 31. h4 a5 32. b3 Be2 33. Rf7+ Kg8
34. Ra7 Bd1+ 35. Kc1 Bxb3 36. Nd2 Ba4 37. Rc7 Be5 38. Rc5 Bf4 39. Kb2 Rxd2+ 40.
Kc3 Rd8 41. Rc7 Bxc7 0-1

[Event "World Blitz Women 2016"]
[Site "Doha QAT"]
[Date "2016.12.30"]
[Round "13.8"]
[White "Javakhishvili, Lela"]
[Black "Khademalsharieh, Sarasadat"]
[Result "0-1"]
[WhiteTitle "IM"]
[BlackTitle "IM"]
[WhiteElo "2461"]
[BlackElo "2438"]
[WhiteFideId "13601458"]
[BlackFideId "12512214"]
[EventDate "2016.12.29"]

1. d4 Nf6 2. c4 e6 3. Nf3 d5 4. Nc3 Bb4 5. e3 O-O 6. Bd3 c5 7. O-O cxd4 8. exd4
dxc4 9. Bxc4 Nbd7 10. Bg5 Qc7 11. Qe2 Bxc3 12. bxc3 b6 13. Rac1 Bb7 14. Bd3 Rac8
15. c4 h6 16. Bd2 Ng4 17. d5 exd5 18. cxd5 Nc5 19. Bf5 Rce8 20. Qd1 Nf6 21. Bc3
Nxd5 22. Bb2 Qf4 23. Bb1 Nf6 24. Qd4 Qxd4 25. Nxd4 Nfe4 26. f3 Nd2 27. Rfe1 Nxb1
28. Rxb1 Rxe1+ 29. Rxe1 Nd3 30. Re7 Bd5 31. Ba3 Bxa2 32. Rxa7 Rc8 33. h4 Bc4 34.
Nf5 Rd8 35. Be7 Rd5 36. Ne3 Rd4 37. Nf5 Rf4 38. Ne3 Be6 39. Rb7 Ra4 40. Rxb6
Ra1+ 41. Kh2 Ra2 42. Kg3 Ne1 43. Rb8+ Kh7 44. Bc5 Re2 45. Rb4 Nd3 46. Rb5 Nxc5
47. Rxc5 Rxe3 48. Kf4 Ra3 49. g4 Ra4+ 50. Kg3 Rd4 51. Rc3 g5 52. hxg5 hxg5 53.
Re3 Kg6 54. Rc3 Rf4 55. Re3 Bd5 56. Rd3 Bb7 57. Rb3 Bd5 58. Rd3 Be6 59. Rc3 Rc4
60. Ra3 Rb4 61. Rc3 Rb3 62. Rc5 Rd3 63. Rc6 Kg7 64. Rc1 Bd5 65. Rf1 Kf6 66. Rf2
Ke5 67. Rf1 Kd4 68. Rf2 Ke3 69. Rf1 Ke2 70. Rf2+ Ke1 71. Kg2 Rd2 0-1

[Event "World Blitz Women 2016"]
[Site "Doha QAT"]
[Date "2016.12.30"]
[Round "13.9"]
[White "Batsiashvili, Nino"]
[Black "Goryachkina, Aleksandra"]
[Result "1/2-1/2"]
[WhiteTitle "IM"]
[BlackTitle "WGM"]
[WhiteElo "2482"]
[BlackElo "2466"]
[WhiteFideId "13602993"]
[BlackFideId "4147103"]
[EventDate "2016.12.29"]

1. d4 Nf6 2. Bf4 d5 3. e3 c5 4. c3 Qb6 5. Qb3 c4 6. Qc2 g6 7. Nf3 Bf5 8. Qc1 Bg7
9. Be2 O-O 10. O-O Nc6 11. h3 Rfe8 12. Nbd2 Qd8 13. Ne5 Nxe5 14. dxe5 Nd7 15.
Nf3 Nc5 16. Rd1 Bd3 17. Qd2 Bxe2 18. Qxe2 Nd3 19. Bg3 e6 20. e4 Qb6 21. b3 Rad8
22. exd5 exd5 23. Rxd3 cxd3 24. Qxd3 Qc5 25. Rd1 b5 26. Bf4 a6 27. Rd2 Rc8 28.
Qxd5 Qxd5 29. Rxd5 Rxc3 30. Rd6 a5 31. Ra6 a4 32. bxa4 Rc4 33. Bg3 Rxa4 34. Rb6
Ra5 35. Bf4 h6 36. h4 Ra4 37. Bg3 b4 38. Kh2 Rc8 39. e6 fxe6 40. Rxe6 Kf7 41.
Rb6 Re8 42. Bd6 Rxa2 43. Rb7+ Kg8 44. Bxb4 Rxf2 45. Bc5 Rc2 46. Bb4 Ree2 47. Ne1
Rc8 48. Kh3 Bc3 49. Bxc3 Rxc3+ 50. Nf3 Rce3 51. Rb6 Kg7 52. Rb7+ Re7 53. Rb6
R2e6 54. Rb5 Rf7 55. Rb8 Rfe7 56. Rb5 Re2 57. Rb6 Kf7 58. Rc6 Ra2 59. Rb6 Ree2
60. h5 gxh5 61. Rxh6 Ra5 62. Rh7+ Kg6 63. Rb7 Raa2 64. Rb5 Rxg2 65. Nh4+ Kh6 66.
Nxg2 Ra3+ 67. Kh2 Rf3 68. Rc5 Rf6 69. Kg3 Rd6 70. Nf4 Rd8 71. Rxh5+ Kg7 72. Kg4
Rd1 73. Rb5 Kf7 74. Kf5 Rf1 75. Rb7+ Ke8 76. Ke5 Kd8 77. Ne6+ Kc8 78. Rc7+ Kb8
79. Rc5 Re1+ 80. Kd6 Rd1+ 81. Kc6 Re1 82. Nd4 Rd1 83. Nb5 Rh1 84. Rf5 Rc1+ 85.
Kb6 Kc8 86. Rf7 Kd8 87. Nd4 Ke8 88. Rh7 Kf8 89. Nc6 Kg8 90. Rd7 Kf8 91. Kc7 Kg8
92. Re7 Rd1 93. Nb4 Kf8 94. Rh7 Kg8 95. Rh4 Kg7 96. Kc6 Kg6 97. Nd5 Kg5 1/2-1/2

[Event "World Blitz Women 2016"]
[Site "Doha QAT"]
[Date "2016.12.30"]
[Round "13.11"]
[White "Abdumalik, Zhansaya"]
[Black "Zhukova, Natalia"]
[Result "0-1"]
[WhiteTitle "WGM"]
[BlackTitle "GM"]
[WhiteElo "2405"]
[BlackElo "2440"]
[WhiteFideId "13703544"]
[BlackFideId "14101513"]
[EventDate "2016.12.29"]

1. e4 e5 2. Nf3 Nc6 3. Bb5 a6 4. Ba4 d6 5. d4 b5 6. Bb3 Nxd4 7. Nxd4 exd4 8. a4
Rb8 9. Qxd4 c5 10. Qe3 c4 11. Ba2 Nf6 12. O-O Be7 13. b3 O-O 14. axb5 axb5 15.
bxc4 b4 16. Bb3 Bb7 17. Nd2 Re8 18. Bb2 Bf8 19. f3 Nd7 20. Kh1 Nc5 21. Rfd1 Bc6
22. Nf1 f5 23. e5 Qb6 24. Qg5 dxe5 25. Qxf5 e4 26. fxe4 Bxe4 27. Qh3 Nxb3 28.
cxb3 Qg6 29. Re1 Bc2 30. Nd2 Bc5 31. Nf3 h6 32. Ne5 Qg5 33. Nd7 Rbd8 34. Nxc5
Qxc5 35. Qg3 Qg5 36. Qf3 Rf8 37. Qh3 Rf2 38. Be5 Rdd2 39. Bg3 Rfe2 40. Rf1 Be4
41. Qe6+ Kh7 42. Qb6 Rxg2 43. Rae1 Rge2+ 44. Kg1 Rg2+ 45. Kh1 0-1

[Event "World Blitz Women 2016"]
[Site "Doha QAT"]
[Date "2016.12.30"]
[Round "13.12"]
[White "Arabidze, Meri"]
[Black "Geldiyeva, Mahri"]
[Result "1-0"]
[WhiteTitle "IM"]
[BlackTitle "WGM"]
[WhiteElo "2379"]
[BlackElo "2220"]
[WhiteFideId "13604040"]
[BlackFideId "14000059"]
[EventDate "2016.12.29"]

1. d4 d5 2. c4 dxc4 3. Nf3 Nf6 4. e3 e6 5. Bxc4 a6 6. O-O c5 7. Qe2 b5 8. Bb3
Nbd7 9. Rd1 Bb7 10. Nc3 Qb8 11. h3 Bd6 12. dxc5 Nxc5 13. Bc2 O-O 14. b4 Ncd7 15.
a3 Rc8 16. Bb2 Ne5 17. Nd2 Nd5 18. Nde4 Nxc3 19. Nxc3 Nc4 20. Bc1 Be5 21. Rd3
Qc7 22. Rb1 Qc6 23. e4 Qc7 24. Bb3 Nb6 25. Bd2 Nc4 26. Be1 Nxa3 27. Rbd1 Nc4 28.
Rd7 Qb6 29. Qf3 Bf6 30. Qg3 Qc6 31. Bxc4 bxc4 32. R1d6 Rd8 33. Rxc6 Bxc6 34.
Rxd8+ Rxd8 35. Qc7 Be8 36. e5 Rd7 37. Qc8 Bd8 38. Kf1 f6 39. exf6 gxf6 40. Qxa6
Kf7 41. b5 Rd3 42. b6 Rd6 43. Qxc4 Rxb6 44. Qh4 Ke7 45. Qxh7+ Bf7 46. f4 Ra6 47.
f5 e5 48. Nd5+ Ke8 49. Qh8+ Kd7 50. Ne3 Bb6 51. Qf8 Bb3 52. Qg7+ Kc8 53. Bd2 Ra2
54. Ke1 Ra1+ 55. Ke2 Ba4 56. Qf8+ Kb7 57. Qe7+ Ka6 58. Qxf6 Bb5+ 59. Kf3 Ra2 60.
Nd5 1-0

[Event "World Blitz Women 2016"]
[Site "Doha QAT"]
[Date "2016.12.30"]
[Round "13.13"]
[White "Pham, Le Thao Nguyen"]
[Black "Purtseladze, Maka"]
[Result "1-0"]
[WhiteTitle "IM"]
[BlackTitle "IM"]
[WhiteElo "2351"]
[BlackElo "2347"]
[WhiteFideId "12401226"]
[BlackFideId "13602659"]
[EventDate "2016.12.29"]

1. d4 Nf6 2. Nf3 e6 3. Bf4 b5 4. e3 a6 5. Nbd2 Bb7 6. h3 c5 7. c3 Nc6 8. Bd3
cxd4 9. exd4 Be7 10. O-O O-O 11. a3 Nd5 12. Bg3 f5 13. Re1 Rc8 14. Qe2 Rf7 15.
Rad1 Qf8 16. Ne5 Nxe5 17. Bxe5 Bd6 18. Nf3 Nf4 19. Qe3 Nxd3 20. Rxd3 Be4 21. Rd2
Bb8 22. Bxb8 Bxf3 23. Qxf3 Rxb8 24. d5 Re7 25. dxe6 Rxe6 26. Rxe6 dxe6 27. Qc6
Qc8 28. Rd6 Qxc6 29. Rxc6 Kf7 30. Rxa6 e5 31. Kf1 e4 32. Ke2 g5 33. g4 f4 34.
Rh6 Kg7 35. Re6 h5 36. Rxe4 h4 37. Re6 Kf7 38. Rc6 Re8+ 39. Kf3 Re5 40. c4 bxc4
41. Rxc4 Rd5 42. Rc3 Rd2 43. Rb3 Rd1 44. a4 Rh1 45. Kg2 Ra1 46. Ra3 Rb1 47. Ra2
Rc1 48. a5 Rc7 49. b4 Ke6 50. b5 Rc3 51. a6 f3+ 52. Kh2 1-0

[Event "World Blitz Women 2016"]
[Site "Doha QAT"]
[Date "2016.12.30"]
[Round "13.15"]
[White "Sloan, Julia Elizabeth"]
[Black "Gvetadze, Sofio"]
[Result "0-1"]
[WhiteTitle "CM"]
[BlackTitle "IM"]
[WhiteElo "2173"]
[BlackElo "2283"]
[WhiteFideId "2018950"]
[BlackFideId "13601440"]
[EventDate "2016.12.29"]

1. d4 Nf6 2. c4 g6 3. Nc3 Bg7 4. e4 O-O 5. f3 c5 6. d5 e6 7. Bg5 h6 8. Be3 d6 9.
Qd2 exd5 10. cxd5 Kh7 11. a4 Nbd7 12. Nge2 Ne5 13. Nc1 a6 14. Be2 Rb8 15. O-O
Bd7 16. h3 Be8 17. f4 Ned7 18. Bd3 Qe7 19. N1e2 Ng8 20. Rae1 f5 21. exf5 gxf5
22. Ng3 Bg6 23. Bxc5 Qh4 24. Bf2 Qd8 25. Re6 Nc5 26. Bxc5 dxc5 27. Nxf5 Rxf5 28.
Rxg6 Kxg6 29. g4 Ne7 30. d6 Bd4+ 31. Kg2 Qxd6 32. Bxf5+ Nxf5 33. Qd3 Rf8 34.
gxf5+ Kg7 35. Ne4 Qd5 36. f6+ Rxf6 37. Rf3 Rg6+ 38. Kh2 Qf5 39. Ng3 Qxd3 40.
Rxd3 Kf6 41. b3 Rg8 42. Ne4+ Ke6 43. b4 b6 44. a5 Kf5 45. Nd6+ Kxf4 46. axb6
Bg1+ 47. Kh1 cxb4 48. b7 Ba7 49. Rd5 Kg3 50. Rd3+ Kf2 51. Kh2 Bb8 52. Kh1 Rg1+
53. Kh2 Rg6 54. Kh1 Rxd6 55. Rb3 Rd1# 0-1

[Event "World Blitz Women 2016"]
[Site "Doha QAT"]
[Date "2016.12.30"]
[Round "13.16"]
[White "Krivec, Jana"]
[Black "Zhu, Chen"]
[Result "1-0"]
[WhiteTitle "WGM"]
[BlackTitle "GM"]
[WhiteElo "2264"]
[BlackElo "2419"]
[WhiteFideId "14601982"]
[BlackFideId "8600546"]
[EventDate "2016.12.29"]

1. e4 c5 2. Nc3 d6 3. Bb5+ Nd7 4. Nf3 Nf6 5. O-O a6 6. Bd3 g6 7. Re1 Bg7 8. b3
O-O 9. Bb2 e6 10. Bf1 e5 11. a4 b6 12. d3 Bb7 13. g3 Re8 14. Nd2 d5 15. Bg2 d4
16. Ne2 b5 17. f4 Qc7 18. h3 Bc6 19. a5 Rab8 20. Rf1 exf4 21. gxf4 Nh5 22. f5
Bh6 23. Nf3 Be3+ 24. Kh1 gxf5 25. exf5 Kh8 26. b4 Ng3+ 27. Nxg3 Qxg3 28. bxc5
Ne5 29. Qe1 Rg8 30. Qxg3 Rxg3 31. Nxe5 Bxg2+ 32. Kh2 Bxf1 33. Kxg3 Rg8+ 34. Kf3
Bg2+ 35. Ke2 f6 36. Ng4 Bxh3 37. Nxe3 Re8 38. Bxd4 Bxf5 39. Bxf6+ Kg8 40. Rg1+
Bg6 41. Bd4 Rd8 42. c3 Kf7 43. Rf1+ Ke6 44. Rf6+ Ke7 45. Rxa6 Rf8 46. c6 Bh5+
47. Kd2 Kd6 48. c7+ Kxc7 49. Ra7+ Kc6 50. Rxh7 Rf2+ 51. Kc1 Bf7 52. Rh6+ Kc7 53.
a6 1-0

[Event "World Blitz Women 2016"]
[Site "Doha QAT"]
[Date "2016.12.30"]
[Round "13.17"]
[White "Ovezdurdiyeva, Jemal"]
[Black "Sviridova, Vlada"]
[Result "0-1"]
[WhiteTitle "WFM"]
[BlackTitle "WFM"]
[WhiteElo "2080"]
[BlackElo "2144"]
[WhiteFideId "14001888"]
[BlackFideId "24109606"]
[EventDate "2016.12.29"]

1. d4 d5 2. c4 c6 3. Nc3 Nf6 4. Nf3 dxc4 5. a4 Bf5 6. e3 e6 7. Bxc4 Bb4 8. O-O
O-O 9. Bd3 Bxd3 10. Qxd3 Nbd7 11. Rd1 Qa5 12. Bd2 Rad8 13. Ne4 Nxe4 14. Qxe4 Nf6
15. Qh4 Bxd2 16. Nxd2 Qb4 17. Nf3 h6 18. Rab1 a5 19. h3 Qxa4 20. g4 Qc2 21. Ne5
Qe4 22. Qg3 Rd5 23. b4 Rb5 24. Ra1 axb4 25. Nd3 b3 26. Nc5 Qd5 27. f3 b2 28.
Rab1 Ra8 29. Qf2 Ra2 30. Qe2 Nd7 31. e4 Qd6 32. Nxd7 Qxd7 33. Qc4 Ra3 34. Rd3
Ra1 35. Rdd1 Rxb1 36. Rxb1 Qd6 37. e5 Qa3 38. Qe2 Qc3 39. Qf2 Qc1+ 40. Qf1 Qe3+
41. Qf2 Qc3 42. Kg2 Rb4 43. Kg3 b5 44. Qg1 Qxd4 45. Qxd4 Rxd4 46. Rxb2 Rc4 47.
f4 b4 48. Rb3 Rc3+ 49. Rxc3 bxc3 50. Kf2 c2 0-1

[Event "World Blitz Women 2016"]
[Site "Doha QAT"]
[Date "2016.12.30"]
[Round "14.2"]
[White "Charochkina, Daria"]
[Black "Lagno, Kateryna"]
[Result "1/2-1/2"]
[WhiteTitle "IM"]
[BlackTitle "GM"]
[WhiteElo "2383"]
[BlackElo "2530"]
[WhiteFideId "4180917"]
[BlackFideId "14109336"]
[EventDate "2016.12.29"]

1. d4 Nf6 2. Nf3 g6 3. Bf4 Bg7 4. e3 d6 5. h3 O-O 6. Be2 b6 7. O-O Bb7 8. c3 c5
9. Nbd2 Nbd7 10. Bh2 Qc7 11. a4 a6 12. Bd3 Rfe8 13. Re1 e5 14. dxe5 Nxe5 15.
Nxe5 dxe5 16. Qc2 Qc6 17. e4 b5 18. b3 Rad8 19. Bf1 Bh6 20. Nf3 Nxe4 21. Nxe5
Rxe5 22. Bxe5 Rd2 23. Qxe4 Qxe4 24. Rxe4 Bxe4 25. axb5 axb5 26. Bxb5 Bg7 27.
Bxg7 Kxg7 28. Ra7 Bd5 29. c4 Be6 30. Rc7 Rd1+ 31. Kh2 Rb1 32. Ba4 Rb2 33. Kg3 h5
34. h4 Kf6 35. Rxc5 Ke7 36. Rb5 Kd6 37. Rb6+ Kc7 38. Rc6+ Kb7 39. Rd6 Kc7 40.
Rd4 Kb6 41. f3 Kc5 42. Re4 Bf5 43. Re7 Be6 44. Rc7+ Kd4 45. Bd7 Rxb3 46. Bxe6
fxe6 47. Rg7 e5 48. Rxg6 e4 49. Re6 e3 50. f4 Kd3 51. Kf3 Kd2 52. Rd6+ Rd3 53.
Re6 Ra3 54. c5 Rc3 55. c6 e2+ 56. Kf2 Rxc6 57. Rxe2+ Kd3 58. Re5 Kd4 59. Rxh5
Ke4 60. g3 Rc2+ 61. Ke1 Kf3 62. Rg5 Ke3 63. Kd1 Rd2+ 64. Kc1 Rh2 65. f5 Ke4 66.
f6 Rf2 67. Rg6 Kf5 68. Rh6 Kg4 69. Rg6+ Kh5 70. Rg5+ Kh6 71. g4 Rxf6 72. Kd2 Rf3
73. Rd5 Rh3 74. h5 Rg3 75. Rd4 Kg5 76. Ke2 Ra3 77. Kf2 Ra2+ 78. Kf3 Ra3+ 79. Ke2
Ra2+ 80. Ke3 Ra3+ 81. Rd3 Ra4 82. Rd4 Ra3+ 83. Kd2 Rh3 84. Kc2 Ra3 85. Rb4 Rh3
86. Kd2 Ra3 87. Ke2 Rh3 88. Kf2 Ra3 89. Kg2 Rc3 90. Re4 Ra3 91. Kf2 Rh3 92. Re3
Rh4 93. Kf3 Rh3+ 94. Ke4 Rh4 95. Rg3 Rh1 96. Kd5 Kf4 97. Rg2 Kf3 98. Ra2 Kxg4 1/2-1/2

[Event "World Blitz Women 2016"]
[Site "Doha QAT"]
[Date "2016.12.30"]
[Round "14.3"]
[White "Kashlinskaya, Alina"]
[Black "Gunina, Valentina"]
[Result "0-1"]
[WhiteTitle "IM"]
[BlackTitle "GM"]
[WhiteElo "2429"]
[BlackElo "2525"]
[WhiteFideId "4198026"]
[BlackFideId "4167570"]
[EventDate "2016.12.29"]

1. d4 Nf6 2. c4 e6 3. Nc3 Bb4 4. e3 O-O 5. Bd3 c5 6. Nf3 b6 7. O-O Bb7 8. Na4
cxd4 9. exd4 Be7 10. Re1 d5 11. c5 Nc6 12. Bf4 Nd7 13. Bb5 bxc5 14. Rc1 c4 15.
b3 Ba3 16. Rb1 a6 17. Bxc6 Bxc6 18. bxc4 dxc4 19. Re3 Be7 20. Ne5 Nxe5 21. Bxe5
Bd6 22. Nb6 Bxe5 23. Rxe5 Rb8 24. Nxc4 Rxb1 25. Qxb1 Qxd4 26. Qc1 Bd5 27. Rg5
Bxc4 28. h3 Bxa2 29. Rg4 Qe5 30. Qa3 Bd5 31. Qc1 f5 32. Rg3 f4 33. Rc3 f3 34. g3
a5 35. Rc7 a4 36. Ra7 Bb3 37. Qd2 h6 38. h4 Rc8 39. Qd7 Qe1+ 40. Kh2 Qxf2+ 41.
Kh3 Qf1+ 42. Kg4 Rc4+ 43. Kh5 Rc5+ 44. Kg4 h5+ 45. Kf4 Rf5+ 46. Ke4 Qe2+ 47. Kd4
Rd5+ 0-1

[Event "World Blitz Women 2016"]
[Site "Doha QAT"]
[Date "2016.12.30"]
[Round "14.4"]
[White "Ju, Wenjun"]
[Black "Koneru, Humpy"]
[Result "0-1"]
[WhiteTitle "GM"]
[BlackTitle "GM"]
[WhiteElo "2579"]
[BlackElo "2557"]
[WhiteFideId "8603006"]
[BlackFideId "5008123"]
[EventDate "2016.12.29"]

1. d4 d5 2. c4 e6 3. Nf3 Nf6 4. Nc3 Be7 5. Bf4 O-O 6. e3 Nbd7 7. c5 Ne4 8. Rc1
f5 9. Bd3 g5 10. Be5 g4 11. Bxe4 dxe4 12. Nd2 Nxe5 13. dxe5 Bxc5 14. Ncxe4 Be7
15. Ng3 b6 16. h3 Ba6 17. hxg4 f4 18. exf4 Rxf4 19. Qc2 Rf7 20. a3 Qd4 21. Nf3
Qd5 22. g5 Rg7 23. Nh5 Rxg5 24. Nxg5 Bxg5 25. f4 Bd3 26. fxg5 Qe4+ 27. Kf2 Qd4+
28. Kg3 Qxe5+ 29. Nf4 Bxc2 30. Rxc2 Qxg5+ 31. Kf3 Rf8 32. g3 Qd5+ 0-1

[Event "World Blitz Women 2016"]
[Site "Doha QAT"]
[Date "2016.12.30"]
[Round "14.7"]
[White "Goryachkina, Aleksandra"]
[Black "Zhao, Xue"]
[Result "0-1"]
[WhiteTitle "WGM"]
[BlackTitle "GM"]
[WhiteElo "2466"]
[BlackElo "2504"]
[WhiteFideId "4147103"]
[BlackFideId "8601283"]
[EventDate "2016.12.29"]

1. d4 e6 2. Nf3 b6 3. g3 Bb7 4. Bg2 c5 5. O-O cxd4 6. Qxd4 Nf6 7. c4 d6 8. Rd1
Nbd7 9. Nc3 a6 10. b3 Qc7 11. Bb2 Be7 12. Rac1 O-O 13. Qf4 Rac8 14. Ne1 Rfd8 15.
Bxb7 Qxb7 16. Qf3 Qb8 17. Ne4 b5 18. Nxf6+ Nxf6 19. cxb5 axb5 20. Nd3 d5 21. Ne5
Qa8 22. a3 Bxa3 23. Ra1 b4 24. Bxa3 bxa3 25. b4 Qb8 26. Qf4 Rc3 27. Rd3 Rxd3 28.
exd3 Qa8 29. Qc1 Rb8 30. Qxa3 Qxa3 31. Rxa3 Ne8 32. Nc6 Rb6 33. Ra8 Kf8 34. Ne5
Rxb4 35. Ra7 f6 36. Nd7+ Ke7 37. Nc5+ Kd6 38. Na4 Rb1+ 39. Kg2 Ra1 40. Ra6+ Ke7
41. Nc5 Rxa6 42. Nxa6 Nd6 43. d4 Nb5 44. Nc5 Nxd4 45. f4 Kd6 46. Nd3 e5 47.
fxe5+ fxe5 48. Kf2 e4 49. Nf4 Ne6 50. Nh5 Ke5 51. g4 d4 52. h3 e3+ 53. Kf3 Ng5+
54. Ke2 g6 55. Ng3 Nxh3 0-1